000
00264nam a2200097Ia 4500
008
210107s9999 xx 000 0 und d
100
_a
Bannock, Graham; Baxter,R.E and Davis,Evan
245
0
_a
Dictionary of Economics
260
_a
London
_b
Profile books
942
_c
BK
999
_c
11092
_d
11092